00410nam a22001457a 450000500170000000800410001702200130005804100130007108200120008410000130009624500550010926000480016430000260021265000260023820240412144408.0240412b |||||||| |||| 00| 0 eng d a02582503 aEnglish  a349 SOU lEnglish  aThe South African Law Journal /cedited by E Kahn  aCape Town : bJuta and Company Ltd, c1884  b209 pages ; c25 cm.  aLegal practice bLaw